000 00898nam a2200217Ia 4500
001 10345
003 GE_BSU
008 181216s||||||||xx |||||||||||||| ||und||
040 _cGE_BSU
080 _a821.353.1–1+821.353.1-6
245 _aმამის კერასთან
245 _bრჩეული ლექსები და ფრონტული წერილები
245 _cწინასიტყვ.ს.ხუციშვილის.რედ.ჯ.ნიქაბაძე.მხატვ.ვ.გრიგოლია
260 _aთბილისი
260 _bსაბჭოთა საქართველო
260 _c1964
300 _a124გვ.16სმ.
653 _aმამის კერასთან
653 _aრჩეული ლექსები და ფრონტული წერილები
942 _cBK
999 _c43610
_d43610